Aktuárske analýzy v životnej poisťovni

Guardado en:
Detalles Bibliográficos
Autor principal: Sakálová, Katarína, 1955-
Otros Autores: Mojžišová, Elena
Formato: Capítulo de libro
Lenguaje:eslovaco
Etiquetas: Agregar Etiqueta
Sin Etiquetas, Sea el primero en etiquetar este registro!

MARC

LEADER 00000naa$a2200000$$$4500
001 0094749
005 20240502072044.0
041 0 |a slo 
044 |a SK 
245 1 0 |a Aktuárske analýzy v životnej poisťovni  |c Katarína Sakálová, Elena Mojžišová 
100 1 |a Sakálová, Katarína, 1955- 
700 1 |a Mojžišová, Elena